Statistics for Dutch train stations - Flevoland

Click here to take the quiz!

General Stats

  • This quiz has been taken 77 times
  • The average score is 7 of 8

Answer Stats

CompanyAnswer% Correct
NSAlmere Centrum
95%
NSLelystad Centrum
93%
NSAlmere Muziekwijk
91%
NSDronten
91%
NSAlmere Buiten
86%
NSAlmere Oostvaarders
84%
NSAlmere Poort
84%
NSAlmere Parkwijk
72%

Score Distribution

Percentile by Number Answered

Percent of People with Each Score

Your Score History

You have not taken this quiz